Tulák po hvězdách /
Psychologický román vychází z autentického příběhu a je obžalobou americké justice, ale i dokladem nezdolnosti lidského ducha.
Uloženo v:
| Hlavní autor: | |
|---|---|
| Další autoři: | |
| Médium: | E-kniha |
| Jazyk: | Czech |
| Vydáno: |
Praha :
Dobrovský s.r.o.,
2023
|
| Edice: | 1400
|
| Témata: | |
| Tagy: |
Žádné tagy |
| LEADER | 02457nam a2200421 i 4500 | ||
|---|---|---|---|
| 001 | 312645 | ||
| 003 | CZ PrSKC | ||
| 005 | 20260601215726.0 | ||
| 007 | ta | ||
| 008 | 230302s2023 xr g 000 f cze d | ||
| 015 | |a cnb003396303 | ||
| 020 | |a 9788027704545 |q (vázáno) | ||
| 035 | |a (OCoLC)1375350113 | ||
| 040 | |a BOG001 |b cze |d ABG001 |e rda | ||
| 041 | 1 | |a cze |h eng | |
| 072 | 7 | |a 821.111(73)-3 |x Americká próza |2 Konspekt | |
| 080 | |a 821.111(73)-31 |2 MRF | ||
| 080 | |a (0:82-31) |2 MRF | ||
| 100 | 1 | |a London, Jack, |d 1876-1916 |7 jn19990005166 |4 aut | |
| 240 | 1 | 0 | |a Star rover. |l Česky |7 aun2007421222 |
| 245 | 1 | 0 | |a Tulák po hvězdách / |c Jack London ; přeložila Martina Šímová |
| 264 | 1 | |a Praha : |b Dobrovský s.r.o., |c 2023 | |
| 300 | |a 342 stran ; |c 21 cm | ||
| 336 | |a text |b txt |2 rdacontent | ||
| 337 | |a bez média |b n |2 rdamedia | ||
| 338 | |a svazek |b nc |2 rdacarrier | ||
| 490 | 1 | |a 1400 | |
| 500 | |a Přeloženo z angličtiny | ||
| 520 | 2 | |a Psychologický román vychází z autentického příběhu a je obžalobou americké justice, ale i dokladem nezdolnosti lidského ducha. |b Darrell Standing, původně profesor agronomie, byl odsouzen za vraždu svého kolegy na doživotí. Většinu času strávil v samovazbě ve svěrací kazajce. I přesto si však dokázal uchovat svou svobodu - svobodu ducha a svobodu myšlení. Přestože byl nejpřísněji izolovaným vězněm, toulal se nejen světem, ale i časem. Každý den opouštěl jeho duch spoutané tělo, aby prožíval dobrodružství mužů z nejrůznějších historických období, a tak sledoval nezničitelnou paměť lidstva. Kniha byla inspirována skutečným případem nevinně odsouzeného člověka, který strávil pět let v samovazbě, než byl v roce 1914 propuštěn poté, co Jack London prosadil obnovu jeho procesu. | |
| 655 | 7 | |a americké romány |7 fd131796 |2 czenas | |
| 655 | 9 | |a American fiction |2 eczenas | |
| 700 | 1 | |a Šímová, Martina |7 kv2015878725 |4 trl | |
| 830 | 0 | |a 1400 | |
| 900 | |a ABA001 |b 20 | ||
| 044 | |a xr | ||
| 910 | |a RBIT002 | ||
| 998 | |d 417477 |a https://core.palmknihy.cz/api/books/417477/cover?ss6eh3 |b https://core.palmknihy.cz/api/books/417477/cover/400?ss6eh3 |c https://core.palmknihy.cz/api/books/417477/cover/50?ss6eh3 |e |g 272 |i 9788027704545 |j https://core.palmknihy.cz/api/books/417477/preview.epub |k https://core.palmknihy.cz/api/books/417477/preview.pdf |l |q 49 |r 1 |s https://www.palmknihy.cz/kniha/417477 |t ebook |y 2023 |z 0 | ||
| 999 | |d 312643 | ||